000 01924nam a2200457 i 4500
001 5862
003 KOSZ 005
005 20200508085058.0
008 200507s1971 pl a f 001 0 pol
015 _aPB 1971/3929
035 _a(OCoLC)297808001
040 _aWA N
_cWA N
_dKOSZ 005/HR
_dKOSZ 005/RW
046 _k1969
080 _a621.311.4
080 _a(07)
245 0 0 _aProjektowanie stacji elektroenergetycznych wysokiego napięcia :
_bpraca zbiorowa /
_c[autorzy W. Ćwiżewicz et al.].
250 _aWydanie 2 nie zmienione.
260 _aWarszawa :
_bWydawnictwa Naukowo-Techniczne,
_c1971.
300 _a538, [2] stron :
_bilustracje ;
_c25 cm.
336 _aTekst
_btxt
_2rdacontent
337 _aBez urządzenia pośredniczącego
_bn
_2rdamedia
338 _aWolumin
_bnc
_2rdacarrier
380 _aKsiążki
380 _aPublikacje fachowe
380 _aPublikacje dydaktyczne
385 _mPoziom nauczania
_aSzkoły wyższe
388 _a1901-2000
388 _a1945-1989
500 _aDruk z klisz.
504 _aBibliografia na stronach 525-[531]. Indeks.
521 8 _aKsiążka jest przeznaczona dla inżynierów i techników zatrudnionych przede wszystkim w biurach projektowych, a ponadto przy budowie i eksploatacji stacji elektroenergetycznych wysokiego napięcia oraz dla studentów wydziałów elektrycznych politechnik. Mogą z niej również korzystać słuchacze wydziałów elektrycznych szkół technicznych i energetycznych.
650 7 _aProjekty
650 7 _aStacje elektroenergetyczne
650 7 _aObsługa i eksploatacja
655 7 _aPodręcznik
658 _aInżynieria i technika
700 1 _aĆwiżewicz, Władysław
_eAutor
710 2 _aWydawnictwa Naukowo-Techniczne
_4pbl.
856 _uhttp://koha.tu.koszalin.pl/cgi-bin/koha/opac-detail.pl?biblionumber=5862
_yKatalog online BPK
942 _2UKD
_cKS
999 _c5862
_d5862